| 000 | 00851nam a22002177a 4500 | ||
|---|---|---|---|
| 999 |
_c10972 _d10972 |
||
| 003 | AR-CdUCM | ||
| 008 | 190402b ||||| |||| 00| 0 spa d | ||
| 040 |
_aMUNICIPALIDAD PROVINCIAL DEL CUSCO _cBIBLIOTECA MUNICIPAL DEL CUSCO |
||
| 082 |
_a344.7 / _bM3 / 1951 |
||
| 110 |
_aMinisterio de guerra _928061 |
||
| 245 | _aCódigo de justicia militar / | ||
| 260 |
_aLima : _bMilitares, _c1951. |
||
| 300 |
_a192 paginas ; _c21 cm. |
||
| 440 |
_aA _n7 _928062 |
||
| 505 | _aContenido : Comisión nombrada para preparar el proyecto modificatorio del código de justicia militar -- De la organización y atribuciones de los tribunales de justicia militar -- De la corte suprema -- Del consejo de oficiales generales ... | ||
| 650 |
_aCódigo _928063 |
||
| 650 |
_aJusticia _98875 |
||
| 650 |
_aMilitar _91881 |
||
| 942 |
_2ddc _cLIBROS |
||
| 945 | _arah | ||